[Event "Muensterland Verbandsklasse-A 0809"]
[Site "Germany"]
[Date "2008.09.13"]
[Round "1.1"]
[White "Wilger, Frank"]
[Black "Koch, Alexander"]
[Result "0-1"]
[WhiteElo "1998"]
[BlackElo "2134"]
[PlyCount "96"]
[EventDate "2008.09.13"]
[EventType "team-tourn"]
[EventRounds "9"]
[EventCountry "GER"]
[SourceTitle "EXT 2010"]
[Source "ChessBase"]
[SourceDate "2010.11.25"]
[SourceVersion "1"]
[SourceVersionDate "2010.11.25"]
[SourceQuality "1"]
[WhiteTeam "Raesfeld Erle"]
[BlackTeam "Metelen"]
[WhiteTeamCountry "GER"]
[BlackTeamCountry "GER"]

1. d4 Nf6 2. c4 g6 3. Nc3 d6 4. Nf3 Bg7 5. e3 0-0 6. Be2 Nbd7 7. 0-0 e5 8. b3 Re8 9. Ba3 exd4 10. Nxd4 Ne5 11. Qc2 b6 12. Rad1 Bb7 13. f3 a6 14. b4 Qc8 15. Nb3 Bh6 16. e4 Nh5 17. Nd5 Bxd5 18. cxd5 Be3+ 19. Kh1 b5 20. Bc1 Bxc1 21. Qxc1 f5 22. Nd4 Ng7 23. exf5 Nxf5 24. Ne6 c6 25. Bd3 Nxd3 26. Rxd3 Qd7 27. g4 Ne7 28. Nf4 Nxd5 29. Nxd5 cxd5 30. Qd2 Re6 31. Rxd5 Rae8 32. Rd1 Qf7 33. Qf2 Re2 34. Qg3 R8e3 35. Rxd6 Rxf3 36. Qg1 Rfe3 37. Rd8+ Re8 38. Qg3 Qb7+ 39. Kg1 Qb6+ 40. R8d4 R8e4 41. Qb3+ Kg7 42. Qd5 Rxd4 43. Rxd4 Qf6 44. Qb7+ Kh6 45. g5+ Qxg5+ 46. Kf1 Rxh2 47. Qf3 Qc1+ 48. Rd1 Qxd1+ 0-1

[Event "Muensterland Verbandsklasse-B 0708"]
[Site "Germany"]
[Date "2008.03.08"]
[Round "7.1"]
[White "Koch, Alexander"]
[Black "Stegemann, Norbert"]
[Result "1-0"]
[WhiteElo "2152"]
[BlackElo "1960"]
[PlyCount "79"]
[EventDate "2007.09.15"]
[EventType "team"]
[EventRounds "9"]
[EventCountry "GER"]
[SourceTitle "EXT 2009"]
[Source "ChessBase"]
[SourceDate "2008.11.26"]
[SourceVersion "1"]
[SourceVersionDate "2008.11.26"]
[SourceQuality "1"]
[WhiteTeam "Metelen"]
[BlackTeam "Duelmen"]
[WhiteTeamCountry "GER"]
[BlackTeamCountry "GER"]

1. e4 d6 2. d4 Nf6 3. Nc3 g6 4. f4 Bg7 5. Nf3 c5 6. dxc5 Qa5 7. Qd3 Qxc5 8. Be3 Qa5 9. Qb5+ Qxb5 10. Nxb5 Na6 11. Bd3 Bd7 12. e5 dxe5 13. Nxe5 Ng4 14. Nxg4 Bxg4 15. c3 Bd7 16. Bxa7 0-0 17. Bd4 e5 18. fxe5 Bxe5 19. Bxe5 Rfe8 20. 0-0 Rxe5 21. Nd4 Kg7 22. Rae1 Rae8 23. Rxe5 Rxe5 24. Bc4 f5 25. Rd1 Re7 26. Bxa6 bxa6 27. Kf2 Kf6 28. c4 f4 29. h3 Bf5 30. Nxf5 Kxf5 31. Rd6 Ra7 32. Kf3 g5 33. Rd5+ Kg6 34. b3 h6 35. c5 h5 36. c6 Re7 37. Rc5 Rc7 38. b4 Kf6 39. a4 Ke7 40. b5 1-0

[Event "Muensterland-ch"]
[Site "Suedlohn"]
[Date "2007.04.08"]
[Round "4.1"]
[White "Koch, Alexander"]
[Black "Wolter, Kai"]
[Result "0-1"]
[WhiteElo "2111"]
[BlackElo "2258"]
[PlyCount "92"]
[EventDate "2007.04.06"]
[EventType "swiss"]
[EventRounds "5"]
[EventCountry "GER"]
[SourceTitle "EXT 2022"]
[Source "ChessBase"]
[SourceDate "2021.10.06"]
[SourceVersion "1"]
[SourceVersionDate "2021.10.06"]
[SourceQuality "1"]

1. e4 c5 2. Nc3 Nc6 3. Nf3 a6 4. a4 e6 5. d4 cxd4 6. Nxd4 d6 7. Be2 Nf6 8. 0-0 Be7 9. Be3 0-0 10. Kh1 Bd7 11. f4 Nxd4 12. Bxd4 Bc6 13. Bd3 d5 14. e5 Ne4 15. Qe2 Nxc3 16. bxc3 g6 17. g4 f5 18. exf6 Bxf6 19. Qxe6+ Kg7 20. g5 Bxd4 21. cxd4 Qd7 22. Qxd7+ Bxd7 23. Rab1 Bc6 24. a5 Rae8 25. Kg2 Re6 26. Kg3 Rfe8 27. Rf3 Re1 28. Rxe1 Rxe1 29. Rf1 Re3+ 30. Kf2 Rh3 31. Kg2 Re3 32. h4 h6 33. f5 gxf5 34. Rxf5 Re1 35. Rf1 Re3 36. g6 Re7 37. h5 Bd7 38. Kg3 Re3+ 39. Rf3 Re7 40. c4 dxc4 41. Bxc4 Be8 42. Kf4 Rc7 43. Bd5 Rd7 44. Ke5 Rxd5+ 45. Ke6 Rxh5 46. Rf2 Bc6 0-1